Comic Book To-Do Lists Quiz Stats

 Plays Quiz Updated Mar 8, 2017

Support Sporcle.
Go Orange.
Score 0/15 Timer 06:00
0 Plays Today
% Correct
The Amazing Spider-Man
99.8%
Superman
96.7%
The Incredible Hulk
96.2%
The Flash
95.1%
Batman
92.9%
Teenage Mutant Ninja Turtles
91.7%
The Silver Surfer
78.9%
Wolverine
77.4%
% Correct
Hellboy
64.4%
Scott Pilgrim
48.1%
Blue Beetle
34.3%
Spawn
30.6%
The Walking Dead
30%
Sailor Moon
7.6%
Bone
6.4%

You're not logged in!

Compare scores with friends on all Sporcle quizzes.
OR
Log In
Forgot?

From the Vault

Adam Sandler's Chanukah

by Matt

When you feel like the only kid in town without a Christmas tree, Here's a list of people who are Jewish just like you and me.
Remove Ads.
Support Sporcle.
Get the best of Sporcle when you Go Orange. This ad-free experience offers more features, more stats, and more fun while also helping to support Sporcle. Thank you for becoming a member.

Show Comments

Extras

Top Quizzes Today


Score Distribution

Your Account Isn't Verified!

In order to create a playlist on Sporcle, you need to verify the email address you used during registration. Go to your Sporcle Settings to finish the process.

Report this User

Report this user for behavior that violates our Community Guidelines.

Details: